000 00462nam a2200181Ia 4500
008 090123s9999 xx 000 0 und d
082 _b42586
100 _aMOHLA PREM P.
245 _aMECHANICAL ENGINEERING OBJECTIVE TUPE
250 _a1
260 _c1997
300 _a799
600 _aMOHLA PREM P.
630 _aMECHANICAL ENGINEERING OBJECTIVE TUPE
700 _aMOHLA PREM P.
730 _aMECHANICAL ENGINEERING OBJECTIVE TUPE
942 _cBOOK
999 _c80664
_d80664